[Event "Varna"]
[Site "Varna"]
[Date "1982.??.??"]
[Round "9"]
[White "Nogueiras, Jesus"]
[Black "Garkov, Mitko"]
[Result "1-0"]
[WhiteElo "2495"]
[BlackElo "2375"]
[PlyCount "119"]
[EventDate "1982.05.??"]
[Source "ChessBase"]

1. d4 d5 2. c4 dxc4 3. Nf3 Nf6 4. e3 g6 5. Bxc4 Bg7 6. O-O O-O 7. Nc3 Nfd7 8. e4 Nb6 9. Be2 Bg4 10. Be3 Nc6 11. e5 Nd5 12. Qb3 Nxe3 13. fxe3 Bh6 14. Ne4 Be6 15. Qc3 Bd5 16. Ng3 f5 17. exf6 exf6 18. e4 Bf7 19. Bc4 Bg7 20. Rae1 Qe7 21. a3 a6 22. b4 Kh8 23. Bxf7 Qxf7 24. d5 f5 25. Qc4 f4 26. Ne2 Ne5 27. Nxe5 Bxe5 28. Nxf4 Bxf4 29. g3 g5 30. gxf4 gxf4 31. Qc3+ Qg7+ 32. Qxg7+ Kxg7 33. Kf2 Rf6 34. Rc1 c6 35. dxc6 bxc6 36. Rc5 Rd8 37. Rg1+ Kf7 38. Rh5 Rd2+ 39. Ke1 Ra2 40. e5 Ra1+ 41. Kf2 Rxg1 42. Kxg1 Rg6+ 43. Kf2 Ke6 44. Kf3 Kd5 45. Kxf4 Rg7 46. Rh6 Rd7 47. Kf5 c5 48. bxc5 Kxc5 49. Rxa6 Rd2 50. e6 Rf2+ 51. Ke5 Re2+ 52. Kf6 Rf2+ 53. Kg7 Rg2+ 54. Kf7 Rf2+ 55. Ke8 Rxh2 56. e7 Rf2 57. Kd7 Rd2+ 58. Ke6 Kb5 59. Rd6 Re2+ 60. Kf7 1-0

[Event "SVK Team Ch"]
[Site "Slovakia"]
[Date "1994.??.??"]
[Round "11"]
[White "Tibensky, Robert"]
[Black "Meister, Yakov"]
[Result "1/2-1/2"]
[WhiteElo "2425"]
[BlackElo "2445"]
[PlyCount "106"]
[EventDate "1994.??.??"]
[Source "www.chesslib.no"]
[SourceDate "2004.05.04"]

1. d4 d5 2. Nf3 Nf6 3. c4 dxc4 4. e3 g6 5. Bxc4 Bg7 6. O-O O-O 7. b3 c5 8. Bb2 cxd4 9. Nxd4 Nbd7 10. Nd2 a6 11. Rc1 e5 12. N4f3 Qe7 13. e4 Nh5 14. Re1 Nf4 15. Bf1 b5 16. a4 Rb8 17. axb5 axb5 18. Qc2 Ne6 19. Nb1 b4 20. Nbd2 Bb7 21. Nc4 Rbc8 22. Qb1 Nec5 23. Rcd1 Nxb3 24. Nfxe5 Nxe5 25. Nxe5 Bxe5 26. Bxe5 Qxe5 27. Qxb3 Qc3 28. Rb1 Qxb3 29. Rxb3 Rc6 30. Rxb4 Ba6 31. Reb1 Bxf1 32. Kxf1 h5 33. Rb8 Rc4 34. f3 Rc2 35. R1b2 Rxb2 36. Rxb2 Ra8 37. Kf2 Kg7 38. Kg3 Ra1 39. Kf4 Re1 40. e5 Kf8 41. h4 Kg7 42. Rb4 Re2 43. g3 Ra2 44. Re4 Ra6 45. g4 hxg4 46. fxg4 Ra5 47. Kg5 Rb5 48. Kf4 Ra5 49. Rb4 Ra1 50. Re4 Ra5 51. e6 fxe6 52. Rxe6 g5+ 53. hxg5 Ra1 1/2-1/2

[Event "Saint John op-1"]
[Site "Saint John"]
[Date "1988.??.??"]
[Round "?"]
[White "Lein, Anatoly"]
[Black "Toshkov, Tihomir"]
[Result "1-0"]
[WhiteElo "2475"]
[BlackElo "2395"]
[PlyCount "107"]
[EventDate "1988.01.??"]
[Source "ChessBase"]

1. d4 Nf6 2. Nf3 d5 3. c4 dxc4 4. e3 g6 5. Bxc4 Bg7 6. O-O O-O 7. Nc3 Nfd7 8. e4 Nb6 9. Bb3 Nc6 10. d5 Na5 11. Be3 Nac4 12. Qe2 Nxe3 13. Qxe3 e6 14. dxe6 Bxe6 15. Bxe6 fxe6 16. b3 Qf6 17. Rac1 c6 18. a4 Qf4 19. Qxf4 Rxf4 20. a5 Nd7 21. Rfd1 Nf8 22. Nd4 Rf7 23. Nde2 Bh6 24. Rb1 e5 25. b4 a6 26. Na4 Nd7 27. Rb3 Bf8 28. f3 Rb8 29. Nc1 b5 30. axb6 Nxb6 31. Nc5 a5 32. Na6 Ra8 33. bxa5 Nc4 34. Rc3 Nxa5 35. Nc5 Rb8 36. N1d3 Rd8 37. Rdc1 Bh6 38. R1c2 Be3+ 39. Kf1 Bd4 40. Ra3 Nb7 41. Ne6 Re8 42. Rxc6 Rd7 43. Ke2 Bg1 44. h3 Nd8 45. Nxd8 Rexd8 46. Rc2 Bd4 47. Nb4 Bg1 48. Nc6 Re8 49. Rca2 Kg7 50. g3 Re6 51. Rc2 h5 52. h4 Rc7 53. Rac3 Bb6 54. Nd8 1-0

[Event "Mar del Plata op 31st"]
[Site "Mar del Plata"]
[Date "2000.04.23"]
[Round "9"]
[White "Quiroga, Facundo"]
[Black "Slipak, Sergio"]
[Result "1/2-1/2"]
[WhiteElo "2363"]
[BlackElo "2503"]
[PlyCount "85"]
[EventDate "2000.04.15"]
[Source "ChessBase"]
[SourceDate "2000.05.11"]

1. d4 d5 2. c4 dxc4 3. Nf3 Nf6 4. e3 g6 5. Bxc4 Bg7 6. O-O O-O 7. Nc3 Nfd7 8. e4 Nb6 9. Be2 Bg4 10. Be3 Nc6 11. d5 Bxf3 12. Bxf3 Ne5 13. Be2 Nec4 14. Bxc4 Nxc4 15. Qe2 Nxe3 16. Qxe3 c6 17. dxc6 bxc6 18. e5 Qb6 19. Qe2 Rab8 20. Rab1 Rfd8 21. Kh1 Rd4 22. f4 Qb4 23. g3 e6 24. h4 Bf8 25. Rfd1 Rbd8 26. Rxd4 Rxd4 27. Rd1 Bc5 28. Kg2 a5 29. a3 Qb3 30. Rxd4 Bxd4 31. Qd2 c5 32. Qe1 Qb7+ 33. Kh3 h5 34. Kh2 Kg7 35. a4 Qf3 36. Qd2 Qf1 37. Ne2 Qf2+ 38. Kh3 Be3 39. Qc2 Qf3 40. Kh2 Qd5 41. b3 Bf2 42. Ng1 Bd4 43. Qc4 1/2-1/2

[Event "Frunze"]
[Site "Frunze"]
[Date "1983.??.??"]
[Round "?"]
[White "Velikov, Petar"]
[Black "Barua, Dibyendu"]
[Result "1-0"]
[WhiteElo "2475"]
[BlackElo "2390"]
[PlyCount "75"]
[EventDate "1983.05.??"]
[Source "ChessBase"]

1. d4 d5 2. c4 dxc4 3. Nf3 Nf6 4. e3 g6 5. Bxc4 Bg7 6. O-O O-O 7. Nc3 Nfd7 8. e4 Nb6 9. Be2 Bg4 10. d5 N8d7 11. a4 a5 12. Bg5 h6 13. Bh4 Bxf3 14. Bxf3 Nc4 15. Be2 Nd6 16. Qc2 Nc5 17. f3 Na6 18. Rad1 Nb4 19. Qb3 c5 20. Nb5 Qb6 21. Kh1 Rac8 22. Nxd6 Qxd6 23. Bg3 Qf6 24. Rd2 Qb6 25. Bc4 Bd4 26. f4 Qf6 27. Qf3 Rcd8 28. Re2 h5 29. e5 Qf5 30. Bh4 Rfe8 31. h3 Qc8 32. g4 hxg4 33. hxg4 Kg7 34. Rh2 f6 35. d6 Rh8 36. dxe7 Rxh4 37. Rxh4 Rh8 38. Rxh8 1-0

[Event "ARG-ch 72nd"]
[Site "Pinamar"]
[Date "2002.03.19"]
[Round "12"]
[White "Fiorito, Fabian"]
[Black "Slipak, Sergio"]
[Result "1/2-1/2"]
[WhiteElo "2353"]
[BlackElo "2498"]
[PlyCount "67"]
[EventDate "2002.03.11"]
[Source "ChessBase"]
[SourceDate "2002.03.21"]

1. d4 d5 2. c4 dxc4 3. Nf3 Nf6 4. e3 g6 5. Bxc4 Bg7 6. Nc3 O-O 7. O-O Ne8 8. h3 Nd6 9. Bb3 b5 10. a3 Bb7 11. Re1 a5 12. Bc2 Na6 13. e4 b4 14. Na4 Nb5 15. Be3 c5 16. d5 Rc8 17. axb4 axb4 18. Qe2 Nd4 19. Bxd4 cxd4 20. Bb3 Nc5 21. Nxc5 Rxc5 22. Red1 e5 23. Qd2 Qb6 24. Ra4 Rb8 25. Rxb4 Rb5 26. Rxb5 Qxb5 27. Ba2 Ba6 28. b3 Rc8 29. Rc1 Rxc1+ 30. Qxc1 Qe2 31. Qc6 Bf8 32. d6 Qb5 33. Qa8 Bb7 34. Qb8 1/2-1/2

[Event "ISR-chT"]
[Site "Israel"]
[Date "1996.??.??"]
[Round "6"]
[White "Gelfer, Israel"]
[Black "Zilberman, Yaacov"]
[Result "0-1"]
[WhiteElo "2350"]
[BlackElo "2485"]
[PlyCount "130"]
[EventDate "1996.??.??"]
[Source "ChessBase"]

1. d4 d5 2. c4 dxc4 3. Nf3 Nf6 4. e3 g6 5. Bxc4 Bg7 6. Nc3 O-O 7. O-O Nfd7 8. b3 Nb6 9. Be2 Bg4 10. h3 Bxf3 11. Bxf3 c6 12. Bb2 a5 13. Qe2 Na6 14. Rfd1 Nc7 15. a4 Nbd5 16. Ne4 Re8 17. Rac1 Qb8 18. Nc5 Rd8 19. g3 Na6 20. Nd3 e6 21. Kg2 Qc7 22. h4 Qb6 23. Qc2 Ndb4 24. Nxb4 Nxb4 25. Qc4 h5 26. Bc3 Na2 27. Rc2 Nxc3 28. Rxc3 Rd7 29. Qc5 Qd8 30. Rcd3 Bf8 31. Qc4 Qb6 32. e4 Bd6 33. d5 cxd5 34. exd5 Rc7 35. Qd4 Qxd4 36. Rxd4 e5 37. Rc4 Rxc4 38. bxc4 b6 39. c5 bxc5 40. Rb1 Rb8 41. Rxb8+ Bxb8 42. g4 hxg4 43. Bxg4 f5 44. Bh3 Kg7 45. h5 gxh5 46. Bxf5 Kf6 47. Be4 Kg5 48. Kf3 c4 49. Bc2 h4 50. Bd1 Bd6 51. Be2 c3 52. Bd3 Bc5 53. Be4 Kf6 54. Kg2 Ke7 55. Kf1 Kd6 56. Ke2 Bd4 57. Kd3 Kc5 58. Kc2 Kb4 59. d6 Bxf2 60. d7 Bb6 61. Bg2 Kc4 62. Bf1+ Kd4 63. Bh3 e4 64. Bg2 Bd8 65. Bh3 Bf6 0-1

[Event "SWZ-chT9697"]
[Site "SWZ"]
[Date "1997.??.??"]
[Round "?"]
[White "Sutter, Oliver"]
[Black "Gheorghiu, Florin"]
[Result "1/2-1/2"]
[WhiteElo "2355"]
[BlackElo "2480"]
[PlyCount "26"]
[EventDate "1997.??.??"]
[Source "www.chesslib.no"]
[SourceDate "2004.05.04"]

1. d4 d5 2. c4 dxc4 3. Nf3 Nf6 4. e3 g6 5. Bxc4 Bg7 6. O-O O-O 7. Nc3 Nfd7 8. e4 Nb6 9. Bb3 Bg4 10. d5 c6 11. h3 Bxf3 12. Qxf3 cxd5 13. exd5 N8d7 1/2-1/2

[Event "Bhilwara"]
[Site "New Delhi IND"]
[Date "1986.??.??"]
[Round "?"]
[White "Donchev, Dimitar I"]
[Black "Barua, Dibyendu"]
[Result "1/2-1/2"]
[WhiteElo "2440"]
[BlackElo "2395"]
[PlyCount "67"]
[EventDate "1986.??.??"]
[Source "www.chesslib.no"]
[SourceDate "2004.05.04"]

1. d4 d5 2. Nf3 Nf6 3. c4 dxc4 4. e3 g6 5. Bxc4 Bg7 6. O-O O-O 7. Nc3 Nfd7 8. Qe2 Nb6 9. Bb3 Nc6 10. Rd1 Bg4 11. h3 Bxf3 12. Qxf3 e5 13. d5 Na5 14. e4 Nxb3 15. axb3 Nc8 16. Be3 Nd6 17. Qe2 f5 18. f3 a6 19. Rac1 Rf7 20. Qd3 Qh4 21. Bf2 Qh5 22. Rc2 Raf8 23. Re1 Bf6 24. b4 Rg7 25. b5 axb5 26. Nxb5 fxe4 27. fxe4 Bh4 28. Nxd6 cxd6 29. Bxh4 Qxh4 30. Rf1 Rxf1+ 31. Qxf1 Rf7 32. Qe2 Kg7 33. Rc3 Qf4 34. g3 1/2-1/2

[Event "Hoogovens-B"]
[Site "Wijk aan Zee NED"]
[Date "1976.01.??"]
[Round "10"]
[White "Szmetan, Jorge"]
[Black "Lehmann, Heinz G"]
[Result "1-0"]
[WhiteElo "2450"]
[BlackElo "2375"]
[PlyCount "151"]
[EventDate "1976.01.??"]
[Source "www.chesslib.no"]
[SourceDate "2004.05.04"]

1. d4 d5 2. c4 dxc4 3. Nf3 Nf6 4. e3 g6 5. Bxc4 Bg7 6. O-O O-O 7. Nc3 c5 8. d5 Bf5 9. Nd2 Ne8 10. e4 Bc8 11. f4 e6 12. dxe6 Bxe6 13. Bxe6 fxe6 14. Qb3 Qb6 15. Qxb6 axb6 16. Nc4 Bd4+ 17. Kh1 Ra6 18. Nb5 Nc6 19. Bd2 Rf7 20. a4 Rd7 21. Rad1 Nf6 22. e5 Nd5 23. b3 Ra8 24. g4 Rf8 25. Rde1 Re7 26. Nbd6 Na5 27. Bxa5 bxa5 28. f5 gxf5 29. gxf5 exf5 30. Rxf5 Rxf5 31. Nxf5 Re6 32. Re4 Bc3 33. Kg2 Kf8 34. Kf3 Ne7 35. Nxe7 Kxe7 36. Rh4 Bxe5 37. Rxh7+ Kf8 38. Rxb7 Bxh2 39. Nxa5 Ke8 40. Rg7 Be5 41. Rh7 Bd4 42. Nc4 Kd8 43. Rb7 Kc8 44. Rb6 Rxb6 45. Nxb6+ Kc7 46. Nd5+ Kc6 47. Ke4 Bf2 48. Ne3 Be1 49. Kd3 Bf2 50. Ng4 Bg1 51. Kc4 Kb6 52. Ne5 Bf2 53. Kd5 Ka5 54. Nd3 Bg1 55. Kc4 Kb6 56. Nf4 Bh2 57. Ne6 Bg1 58. Ng5 Be3 59. Ne4 Bg1 60. Nf6 Kc6 61. Ng4 Kb6 62. Ne5 Bd4 63. Kd5 Kc7 64. Nd3 Kb6 65. b4 Bc3 66. bxc5+ Kc7 67. Kc4 Bf6 68. Kb5 Bh4 69. Nf4 Bg3 70. Ne6+ Kb7 71. a5 Bh2 72. a6+ Ka7 73. c6 Kb8 74. Kb6 Bg1+ 75. Nc5 Bh2 76. Nd7+ 1-0

[Event "Nordic Championships"]
[Site "?"]
[Date "2005.09.03"]
[Round "10"]
[White "Pedersen Nicolai Vesterbaek"]
[Black "Olsen Heini"]
[Result "1-0"]
[WhiteElo "2488"]
[BlackElo "2325"]
[PlyCount "83"]
[EventDate "2005.??.??"]
[Source "www.chesslib.no"]
[SourceDate "2004.05.04"]

1. d4 d5 2. c4 dxc4 3. Nf3 Nf6 4. e3 g6 5. Bxc4 Bg7 6. Nc3 O-O 7. e4 c5 8. d5 Bg4 9. h3 Bxf3 10. Qxf3 Nbd7 11. Be2 Ne8 12. O-O Nd6 13. Bf4 a6 14. a4 Qa5 15. Rab1 Qb4 16. Qe3 Ne5 17. Rfe1 b5 18. axb5 axb5 19. Qg3 Nec4 20. Bxc4 Qxc4 21. Bxd6 exd6 22. Qxd6 b4 23. Nd1 Bd4 24. Ne3 Qd3 25. Ng4 h5 26. Nf6+ Kg7 27. Nd7 Rfe8 28. Rbd1 Qa6 29. Qc7 Ra7 30. Nxc5 Bxf2+ 31. Kh1 Qa2 32. Qc6 Bxe1 33. Qxe8 Bh4 34. d6 Qxb2 35. d7 Ra2 36. Rg1 Ra1 37. Rxa1 Qxa1+ 38. Kh2 Bf2 39. Ne6+ fxe6 40. Qe7+ Kh6 41. Qf8+ Kh7 42. Qxf2 1-0

[Event "Moscow GM5"]
[Site "Moscow"]
[Date "1996.??.??"]
[Round "?"]
[White "Edzgveradze, Natalia"]
[Black "Maljutin, Evgeni"]
[Result "1-0"]
[WhiteElo "2305"]
[BlackElo "2495"]
[PlyCount "67"]
[EventDate "1996.??.??"]
[Source "www.chesslib.no"]
[SourceDate "2004.05.04"]

1. d4 d5 2. c4 dxc4 3. Nf3 Nf6 4. e3 g6 5. Bxc4 Bg7 6. O-O O-O 7. Qe2 Bg4 8. h3 Bxf3 9. Qxf3 c6 10. Rd1 Nbd7 11. Nc3 Ne8 12. Bb3 Nb6 13. e4 Nc7 14. Be3 Qd7 15. Rac1 Rad8 16. a4 e6 17. Bf4 a5 18. Qg3 Na6 19. Be3 Nc8 20. d5 exd5 21. exd5 c5 22. Bc4 Nd6 23. Bxa6 bxa6 24. Bxc5 Rfe8 25. Qd3 Qb7 26. Bxd6 Rxd6 27. Ne4 Rdd8 28. b3 Re5 29. Rc5 Bf8 30. Rxa5 Qb4 31. Nf6+ Kg7 32. Rxa6 Re1+ 33. Rxe1 Qxe1+ 34. Qf1 1-0

[Event "Bad Woerishofen op"]
[Site "Bad Woerishofen"]
[Date "2000.03.23"]
[Round "7"]
[White "Lipinsky, Fabian"]
[Black "Sulava, Nenad"]
[Result "0-1"]
[WhiteElo "2313"]
[BlackElo "2486"]
[PlyCount "60"]
[EventDate "2000.03.??"]
[Source "ChessBase"]
[SourceDate "2000.05.11"]

1. d4 d5 2. c4 dxc4 3. Nf3 Nf6 4. e3 g6 5. Bxc4 Bg7 6. Ne5 O-O 7. Qb3 e6 8. O-O Nd5 9. f4 c5 10. dxc5 Qc7 11. Bxd5 exd5 12. Qxd5 Rd8 13. Qb3 Na6 14. Na3 Be6 15. Qc3 Qxc5 16. Bd2 Qd5 17. Be1 Rac8 18. Qd4 Qxd4 19. exd4 Rxd4 20. Bg3 Ra4 21. Nb5 Rxa2 22. Nd6 Rb8 23. Rxa2 Bxa2 24. Ra1 Bd5 25. Ra5 Nc7 26. Rxa7 Bf8 27. Ng4 Bxd6 28. Nf6+ Kf8 29. Nd7+ Ke7 30. Nxb8 Bc5+ 0-1

[Event "Olimpiadi 2008 - fem"]
[Site "Dresda GER"]
[Date "2008.11.21"]
[Round "8"]
[White "Cosma, E."]
[Black "Peng Zhaoqin"]
[Result "0-1"]
[WhiteElo "2340"]
[BlackElo "2455"]
[PlyCount "62"]
[EventDate "2008.11.13"]
[Source "www.chesslib.no"]
[SourceDate "2004.05.04"]

1. Nf3 d5 2. d4 Nf6 3. c4 dxc4 4. e3 g6 5. Bxc4 Bg7 6. Nc3 O-O 7. O-O Nfd7 8. e4 Nb6 9. Be2 Bg4 10. d5 c6 11. h3 Bxf3 12. Bxf3 cxd5 13. exd5 N8d7 14. Bf4 Ne5 15. Bxe5 Bxe5 16. Na4 Nd7 17. d6 Bxd6 18. Bxb7 Rb8 19. Bd5 Qa5 20. Rc1 Nf6 21. Bb3 h5 22. Rc4 Rfd8 23. Qe2 Kg7 24. Rd1 Rdc8 25. Rxc8 Rxc8 26. Nc3 Rc5 27. Rd3 Be5 28. Na4 Rc7 29. Rd5 Qxd5 30. Bxd5 Rc1+ 31. Qf1 Rxf1+ 0-1

[Event "SWE Ch"]
[Site "Lindesberg"]
[Date "1993.??.??"]
[Round "1"]
[White "Barkhagen, Jonas"]
[Black "Eriksson, Magnus"]
[Result "1-0"]
[WhiteElo "2430"]
[BlackElo "2365"]
[PlyCount "57"]
[EventDate "1993.07.??"]
[Source "www.chesslib.no"]
[SourceDate "2004.05.04"]

1. d4 d5 2. c4 dxc4 3. Nf3 Nf6 4. e3 g6 5. Bxc4 Bg7 6. Nc3 O-O 7. O-O Nfd7 8. e4 Nb6 9. Be2 Bg4 10. Be3 Nc6 11. d5 Bxf3 12. gxf3 Ne5 13. Bd4 e6 14. a4 exd5 15. a5 Nbd7 16. Nxd5 c6 17. Ne3 Bh6 18. Ng2 Qe7 19. f4 c5 20. Bxe5 Nxe5 21. fxe5 Rad8 22. Qb3 Rd2 23. Bc4 Qxe5 24. Qxb7 Rxb2 25. Qd5 Qc3 26. Qxc5 Rc2 27. Ra4 Rc1 28. Qxa7 Qc2 29. Qd7 1-0

[Event "Open"]
[Site "?"]
[Date "2003.??.??"]
[Round "3"]
[White "Zhukova Natalia"]
[Black "Rohonyan Katerina"]
[Result "1-0"]
[WhiteElo "2481"]
[BlackElo "2309"]
[PlyCount "53"]
[EventDate "2003.??.??"]
[Source "www.chesslib.no"]
[SourceDate "2004.05.04"]

1. d4 d5 2. c4 dxc4 3. Nf3 Nf6 4. e3 g6 5. Bxc4 Bg7 6. b4 O-O 7. O-O c6 8. a4 Bf5 9. Ba3 Ne4 10. Nbd2 Nd6 11. Be2 Nd7 12. Nb3 Nb6 13. Na5 Rb8 14. Rc1 Re8 15. Ne5 Bxe5 16. dxe5 Ne4 17. f3 Nd2 18. Rf2 Be6 19. Bb2 Qd5 20. Rc5 Qd8 21. Bd4 Nd7 22. Rc1 c5 23. Bc3 cxb4 24. Bxb4 Nb3 25. Nxb3 Qb6 26. Nd4 Qxb4 27. Nxe6 1-0

[Event "Mlada Boleslav Open"]
[Site "Mlada Boleslav CZE"]
[Date "1993.??.??"]
[Round "?"]
[White "Shalamberidze, Akaki"]
[Black "Meister, Yakov"]
[Result "1/2-1/2"]
[WhiteElo "2330"]
[BlackElo "2460"]
[PlyCount "28"]
[EventDate "1993.08.??"]
[Source "www.chesslib.no"]
[SourceDate "2004.05.04"]

1. Nf3 d5 2. d4 Nf6 3. c4 dxc4 4. e3 g6 5. Bxc4 Bg7 6. Nc3 O-O 7. O-O c5 8. h3 Nbd7 9. Qe2 a6 10. a4 cxd4 11. exd4 Nb6 12. Bb3 Nbd5 13. Ne5 Nb6 14. Nf3 e6 1/2-1/2

[Event "Frunze"]
[Site "Frunze"]
[Date "1983.??.??"]
[Round "?"]
[White "Zilberman, Nathan R"]
[Black "Barua, Dibyendu"]
[Result "1-0"]
[WhiteElo "2400"]
[BlackElo "2390"]
[PlyCount "72"]
[EventDate "1983.05.??"]
[Source "ChessBase"]

1. d4 d5 2. c4 dxc4 3. Nf3 Nf6 4. e3 g6 5. Bxc4 Bg7 6. O-O O-O 7. Nc3 Nfd7 8. Be2 Nb6 9. h3 Nc6 10. Bb5 e6 11. Bxc6 bxc6 12. b3 Re8 13. Bb2 Nd7 14. Qc2 c5 15. d5 Nb6 16. dxe6 Bxe6 17. Rfd1 Qe7 18. e4 Rad8 19. Ba3 Bxh3 20. Rxd8 Qxd8 21. Bxc5 Qf6 22. Rc1 Bg4 23. Bd4 Qe7 24. Bxg7 Bxf3 25. Bh6 Qh4 26. Qd2 Qg4 27. Qg5 f6 28. Qxg4 Bxg4 29. Nb5 g5 30. Rxc7 Bd7 31. f3 Bxb5 32. Rg7+ Kh8 33. Rxa7 Bd7 34. a4 Bc6 35. Rc7 Kg8 36. Rxc6 Kf7 1-0

[Event "BUL Ch"]
[Site "Bulgaria"]
[Date "1988.??.??"]
[Round "?"]
[White "Tsvetkov, Ilia"]
[Black "Ninov, Kiril"]
[Result "0-1"]
[WhiteElo "2285"]
[BlackElo "2495"]
[PlyCount "98"]
[EventDate "1988.08.??"]
[Source "www.chesslib.no"]
[SourceDate "2004.05.04"]

1. d4 d5 2. c4 dxc4 3. Nf3 Nf6 4. e3 g6 5. Bxc4 Bg7 6. O-O O-O 7. Nc3 Nc6 8. a3 Nd7 9. Ba2 Nb6 10. h3 e5 11. d5 Ne7 12. e4 Bd7 13. Be3 Nec8 14. Qd3 Nd6 15. Rfd1 Kh8 16. Nd2 f5 17. exf5 gxf5 18. f4 Na4 19. Qc2 Nxc3 20. bxc3 exf4 21. Bxf4 Qh4 22. Rf1 Rae8 23. Rab1 b6 24. Qd3 Qf6 25. Nf3 Ne4 26. Rbe1 Qxc3 27. Qxc3 Nxc3 28. Bc4 b5 29. Bd3 Nxd5 30. Be5 a6 31. Bc2 f4 32. Re4 Ne3 33. Rc1 Bxe5 34. Rxe5 Rxe5 35. Nxe5 Be6 36. Be4 Nc4 37. Nc6 Bf5 38. Bxf5 Rxf5 39. Nb4 a5 40. Na6 c6 41. a4 Nb2 42. Nc5 Rd5 43. Rc2 bxa4 44. Ne4 a3 45. Nc3 Rc5 46. Rc1 Nd3 47. Rc2 a2 48. Rxa2 Rxc3 49. Rxa5 c5 0-1

[Event "North Bay op"]
[Site "North Bay"]
[Date "1998.08.06"]
[Round "4"]
[White "Nogueiras, Jesus"]
[Black "Zaderman, Yuri"]
[Result "1-0"]
[WhiteElo "2510"]
[BlackElo "2265"]
[PlyCount "85"]
[EventDate "1998.08.??"]
[Source "www.chesslib.no"]
[SourceDate "2004.05.04"]

1. Nf3 d5 2. d4 Nf6 3. c4 dxc4 4. e3 g6 5. Bxc4 Bg7 6. O-O O-O 7. b4 Nfd7 8. Bb2 a5 9. b5 c5 10. Nbd2 cxd4 11. Nxd4 Nb6 12. Be2 e5 13. N4f3 e4 14. Nd4 Re8 15. a4 N8d7 16. Rc1 Nf6 17. Re1 Qe7 18. Nc4 Nxc4 19. Rxc4 Nd7 20. Qb3 Nb6 21. Ba3 Qd8 22. Rcc1 Be5 23. Red1 Qh4 24. f4 Bb8 25. Bb2 Qe7 26. Ba3 Qh4 27. Rd2 h6 28. Bb2 Qe7 29. Nc6 bxc6 30. Rxc6 Be6 31. Qc3 f6 32. Rxb6 Ba7 33. Rc6 Rac8 34. Ba3 Qb7 35. Rdd6 Bf7 36. Kf2 Rxc6 37. Rxc6 Bb6 38. Bc4 Bd8 39. Qb3 Qd7 40. Bxf7+ Qxf7 41. Qxf7+ Kxf7 42. b6 Re6 43. b7 1-0

[Event "Memorial A.Sokolsky"]
[Site "Minsk BLR"]
[Date "1983.??.??"]
[Round "?"]
[White "Cherepkov, Alexander V"]
[Black "Begun, Sergei M"]
[Result "0-1"]
[WhiteElo "2395"]
[BlackElo "2380"]
[PlyCount "74"]
[EventDate "1983.??.??"]
[Source "www.chesslib.no"]
[SourceDate "2004.05.04"]

1. d4 d5 2. c4 dxc4 3. Nf3 Nf6 4. e3 g6 5. Bxc4 Bg7 6. Nc3 O-O 7. O-O Nfd7 8. e4 Nb6 9. Be2 Bg4 10. Be3 Nc6 11. d5 Bxf3 12. gxf3 Ne5 13. Qb3 c6 14. f4 Ned7 15. Rfd1 Qb8 16. a4 cxd5 17. a5 d4 18. Bxd4 Bxd4 19. Rxd4 Nc5 20. Qd1 Nc8 21. f5 Qf4 22. Nd5 Qg5+ 23. Kh1 Nd6 24. f3 Rfd8 25. e5 Nxf5 26. f4 Qh4 27. Nf6+ Kg7 28. Rxd8 Ng3+ 29. Kg2 Nxe2 30. Rxa8 Nxf4+ 31. Kh1 exf6 32. Qd8 Kh6 33. Qf8+ Kh5 34. Qxc5 Nd3 35. Qe3 Nxe5 36. Rf1 Qc4 37. Rh8 Qxf1+ 0-1

[Event "St Petersburg Open"]
[Site "St Petersburg RUS"]
[Date "1993.??.??"]
[Round "?"]
[White "Tunik, Gennady"]
[Black "Najer, Evgeniy"]
[Result "1/2-1/2"]
[WhiteElo "2465"]
[BlackElo "2310"]
[PlyCount "46"]
[EventDate "1993.10.??"]
[Source "www.chesslib.no"]
[SourceDate "2004.05.04"]

1. d4 d5 2. c4 dxc4 3. Nf3 Nf6 4. e3 g6 5. Bxc4 Bg7 6. O-O O-O 7. b3 c5 8. Bb2 cxd4 9. Nxd4 Bd7 10. Nd2 Nc6 11. N2f3 Qa5 12. a3 Rac8 13. b4 Qb6 14. Qb3 Ne4 15. Nxc6 Bxc6 16. Bxg7 Kxg7 17. Rfd1 Nd6 18. Be2 Bb5 19. Qb2+ Kg8 20. Bxb5 Qxb5 21. a4 Qf5 22. Rac1 Rxc1 23. Rxc1 Rc8 1/2-1/2

[Event "Lloyds Bank op"]
[Site "London"]
[Date "1985.??.??"]
[Round "?"]
[White "Wells, Peter K"]
[Black "Barua, Dibyendu"]
[Result "1-0"]
[WhiteElo "2365"]
[BlackElo "2410"]
[PlyCount "57"]
[EventDate "1985.08.??"]
[Source "ChessBase"]

1. d4 d5 2. c4 dxc4 3. Nf3 Nf6 4. e3 g6 5. Bxc4 Bg7 6. O-O O-O 7. Nc3 Nfd7 8. Qe2 Nb6 9. Bb3 Nc6 10. Rd1 Bg4 11. a3 Re8 12. h3 Bxf3 13. Qxf3 e6 14. Ne4 e5 15. d5 Na5 16. Ba2 Nac4 17. Bxc4 Nxc4 18. b3 Nd6 19. Bb2 Qh4 20. Nc5 Rad8 21. Rac1 a6 22. Qe2 e4 23. a4 Bxb2 24. Qxb2 Qg5 25. Kh2 Nf5 26. Nxb7 Nh4 27. f4 exf3 28. Nxd8 Rxe3 29. Qh8+ 1-0

[Event "Sao Paulo Mario Covas 2nd"]
[Site "Sao Paulo"]
[Date "2002.02.26"]
[Round "7"]
[White "Loureiro, Luiz"]
[Black "Disconzi da Silva, Rodrigo"]
[Result "1-0"]
[WhiteElo "2358"]
[BlackElo "2415"]
[PlyCount "75"]
[EventDate "2002.02.20"]
[Source "ChessBase"]
[SourceDate "2002.03.21"]

1. d4 d5 2. c4 dxc4 3. Nf3 Nf6 4. e3 g6 5. Bxc4 Bg7 6. Nc3 O-O 7. O-O Ne8 8. a3 Nd6 9. Ba2 b6 10. e4 Bb7 11. Re1 e6 12. Bg5 Qd7 13. e5 h6 14. Bf4 Nb5 15. Ne4 Bxe4 16. Rxe4 c6 17. Qd2 h5 18. Bg5 Na6 19. Rae1 Nbc7 20. Qf4 Nd5 21. Qh4 Nac7 22. g4 hxg4 23. Rxg4 f5 24. exf6 Bxf6 25. Bb1 Qg7 26. Ne5 Bxe5 27. dxe5 Rf5 28. Bxf5 exf5 29. Bf6 Qh7 30. Qxh7+ Kxh7 31. Rc4 c5 32. Rd1 Kg8 33. b4 Kf7 34. bxc5 b5 35. Rh4 Ke6 36. Rh7 f4 37. c6 Nc3 38. Rd6+ 1-0

[Event "SWE-ch"]
[Site "Gothenburg"]
[Date "1975.??.??"]
[Round "?"]
[White "Niklasson, Christer"]
[Black "Ek, Hans"]
[Result "0-1"]
[WhiteElo "2425"]
[BlackElo "2345"]
[PlyCount "96"]
[EventDate "1975.07.??"]
[Source "ChessBase"]

1. d4 d5 2. c4 dxc4 3. Nf3 Nf6 4. e3 g6 5. Bxc4 Bg7 6. Nc3 O-O 7. h3 Nfd7 8. O-O Nb6 9. Bb3 Nc6 10. Qe2 e5 11. Nxe5 Nxe5 12. dxe5 Bxe5 13. e4 Qh4 14. f4 Bd4+ 15. Be3 Bxe3+ 16. Qxe3 Be6 17. f5 gxf5 18. Rf4 Qf6 19. exf5 Bxb3 20. axb3 Kh8 21. Qf3 c6 22. Qh5 Rg8 23. Rh4 Qg7 24. Rg4 Qf6 25. Rh4 Qg7 26. Qe2 Nd5 27. Nxd5 cxd5 28. Rd1 Rae8 29. Qf2 Re4 30. Rxe4 dxe4 31. Qd4 Qxd4+ 32. Rxd4 Rg3 33. b4 Rb3 34. f6 h6 35. Rxe4 Rxb2 36. Re7 Rxb4 37. Rxf7 Kg8 38. Rg7+ Kf8 39. Rh7 a5 40. Rxh6 a4 41. g4 Rb6 42. Rh8+ Kf7 43. g5 a3 44. Rh7+ Kg6 45. Rg7+ Kh5 46. f7 a2 47. f8=Q a1=Q+ 48. Kg2 Rb2+ 0-1

[Event "Budapest FS06 IM"]
[Site "Budapest"]
[Date "1998.??.??"]
[Round "6"]
[White "Assmann, Thomas"]
[Black "Gonzalez Garcia, Jose"]
[Result "1/2-1/2"]
[WhiteElo "2345"]
[BlackElo "2420"]
[PlyCount "55"]
[EventDate "1998.06.??"]
[Source "www.chesslib.no"]
[SourceDate "2004.05.04"]

1. d4 d5 2. Nf3 Nf6 3. c4 dxc4 4. e3 g6 5. Bxc4 Bg7 6. O-O O-O 7. Nbd2 Nfd7 8. Qc2 Nc6 9. Bb5 Nb4 10. Qb3 c5 11. Ne4 Nc6 12. Nxc5 Nxc5 13. dxc5 Qc7 14. Bd2 Be6 15. Qa3 Bg4 16. Bxc6 bxc6 17. Ba5 Bxb2 18. Qxb2 Qxa5 19. Ne5 Be6 20. Nxc6 Qxc5 21. Rac1 Qg5 22. Rfd1 Qf6 23. Qa3 Kg7 24. Rd4 Rfc8 25. Rdd1 Rc7 26. Nd4 Rac8 27. Rxc7 Rxc7 28. h3 1/2-1/2